000 01003cam a2200253 4500
008 020403n1995 000 0 eng u
020 _a0419194800
035 _a(Sirsi) u117309
041 _aeng.
050 _a727.5
100 _aHain, W.
245 _aLaboratories : a briefing and design guide
260 _aLondon
_bSpon
_c1995
300 _avi,133p.
_bill.
_c30cm.
350 _a48.00
490 _aBriefing and Design Guide
520 _aProvides design teams new to laboratories with the information they need to undertake the briefing and design process. Individual chapters discuss the spatial requirements of different types of laboratory, the systems used to fit them out, the equipment used in them, the engineering services they need and their building fabric requirements.
650 _aLABORATORIES
650 _aSCIENTIFIC LABORATORIES
650 _aLABORATORY EQUIPMENT
650 _aDESIGN GUIDANCE
690 _aBUILT ENVIRONMENT-CONSTRUCTION DESIGN
942 _n0
999 _c101970
_d101970